The Namibia Quiz - Statistics

General Stats
  • This quiz has been taken 164 times
  • The average score is 7 of 10
Answer Stats
Hint Answer % Correct
Capital city Windhoek
92%
Main national language English
89%
Country that Namibia was a colony of between 1884 and 1915 Germany
80%
Desert said to be the oldest in the world Namib Desert
77%
Number of official regional languages Eight
66%
Sport in which Namibia qualified for the 2015 World Cup Rugby Union
64%
National currency Namibian dollar
60%
Namibia's name between 1915 and 1990 South West Africa
57%
Northern national park famous for wildlife Etosha National Park
43%
National animal Gemsbok
27%
No matching quizzes found
Score Distribution
Percent of People with Each Score
Percentile by Number Answered
Your Score History
You have not taken this quiz